GERT networks and the time-oriented evaluation of projects

Na minha lista:
Detalhes bibliográficos
Autor principal: Neumann, Klaus
Outros Autores: Steinhardt, Ulrich
Formato: Livro
Idioma:inglês
Publicado em: Berlin Springer 1979
Colecção:Lecture notes in economics and mathematical systems 172
Tags: Adicionar Tag
Sem tags, seja o primeiro a adicionar uma tag!

MARC

LEADER 00000nam a2200000 4500
001 c140335
005 20041019155318.6
041 0 |a eng 
044 |a DE 
245 1 0 |a GERT networks and the time-oriented evaluation of projects  |c Klaus Neumann, Ulrich Steinhardt 
264 1 |a Berlin  |b Springer  |c 1979 
300 |a 268 s. 
490 1 |a Lecture notes in economics and mathematical systems  |v 172 
830 0 |a Lecture notes in economics and mathematical systems  |v 172 
100 1 |a Neumann, Klaus 
700 1 |a Steinhardt, Ulrich